Statistics for All Modern-Day Countries Ever Controlled by Austria

Click here to take the quiz!

General Stats

  • This quiz has been taken 10,577 times
  • The average score is 25 of 26

Answers on the Map

Answers color-coded by a green-red scale on the quiz's map according to % correct below.
 

Answer Stats

Countries% Correct
Austria
99%
Belgium
99%
Croatia
99%
France
99%
Germany
99%
Hungary
99%
Italy
99%
Netherlands
99%
Poland
99%
Slovakia
99%
Albania
98%
Bosnia and Herzegovina
98%
Czech Republic
98%
Luxembourg
98%
Romania
98%
Serbia
98%
Slovenia
98%
Switzerland
98%
Kosovo
97%
Montenegro
97%
Ukraine
97%
India
96%
Liechtenstein
96%
Spain
95%
Mozambique
70%
China
65%

Score Distribution

Percentile by Number Answered

Percent of People with Each Score

Your Score History

You have not taken this quiz